000
00325nam a22001457a 4500
999
_c
256714
_d
256713
003
OSt
005
20180220141853.0
008
180220b xxu||||| |||| 00| 0 eng d
020
_a
978-0-441-17271-9
040
_c
N/a
100
_a
Frank Herbert
245
_a
Dune
260
_a
USA
_b
Penguin group
_c
1965
942
_2
lcc
_c
BK